000 00614cam a22001937a 4500
008 180718b1988 xxu||||| |||| 00| 0 eng d
020 _a0 09 173129 1
082 _aB7x42 SI35
100 _aSills, Andrew
245 _aPolitics of the Urban crisis
_cby Andrew Sills, Gillian Taylor and Peter Golding
260 _aLondon
_bHutchinson
_c1988
300 _axi, 180p
650 _aInner cities - England - Leicester.
650 _aUrban policy - England - Leicester
650 _aInner cities - Great Britain
650 _aUrban policy - Great Britain
700 _aGolding, Peter
700 _aTaylor, Gillian
999 _c408679
_d408679